Biggest Cities in the U.S. with a Map - Statistics

General Stats
  • This quiz has been taken 111 times
    105 since last reset
  • The average score is 146 of 326
Answers on the Map
Answers color-coded by a green-red scale on the quiz's map according to % correct below.
 
Answer Stats
Population City % Correct
8,398,748 New York City
93%
3,990,456 Los Angeles
92%
2,705,994 Chicago
90%
1,345,047 Dallas
90%
744,955 Seattle
90%
694,583 Boston
89%
2,325,502 Houston
89%
470,914 Miami
87%
1,584,138 Philadelphia
87%
1,425,976 San Diego
87%
1,660,272 Phoenix
86%
672,662 Detroit
85%
498,044 Atlanta
84%
867,125 Indianapolis
84%
644,644 Las Vegas
84%
883,305 San Francisco
84%
301,048 Pittsburgh
83%
392,890 Tampa
83%
716,492 Denver
82%
347,397 Honolulu
82%
425,403 Minneapolis
82%
391,006 New Orleans
82%
653,115 Portland
82%
702,455 Washington, D.C.
82%
152,958 Kansas City, KS
80%
491,918 Kansas City, MO
80%
291,538 Anchorage
79%
256,304 Buffalo
79%
164,422 Jackson
79%
650,618 Memphis
79%
669,053 Nashville
79%
649,021 Oklahoma City
78%
285,713 Orlando
78%
1,030,119 San Jose
78%
964,254 Austin
77%
682,669 El Paso
77%
114,694 Springfield, IL
77%
155,032 Springfield, MA
77%
168,122 Springfield, MO
77%
221,599 Baton Rouge
76%
194,160 Columbus, GA
76%
892,533 Columbus, OH
76%
200,591 Salt Lake City
76%
560,218 Albuquerque
75%
383,793 Cleveland
75%
602,495 Baltimore
74%
228,790 Boise
74%
592,025 Milwaukee
74%
1,532,233 San Antonio
74%
193,551 Tallahassee
74%
302,605 Cincinnati
72%
903,889 Jacksonville
72%
197,881 Little Rock
72%
508,529 Sacramento
72%
302,838 St. Louis
71%
307,695 St. Paul
71%
545,975 Tucson
71%
246,328 Winston-Salem
71%
282,090 Newark
70%
469,298 Raleigh
70%
216,853 Des Moines
69%
250,998 Reno
69%
110,146 Richmond, CA
69%
228,783 Richmond, VA
69%
400,669 Tulsa
69%
872,498 Charlotte
68%
895,008 Fort Worth
68%
173,442 Salem
68%
389,255 Wichita
68%
136,208 Charleston
67%
620,118 Louisville
67%
258,054 Madison
67%
472,688 Colorado Springs
66%
122,587 Hartford
66%
468,262 Omaha
66%
179,335 Providence
66%
450,189 Virginia Beach
66%
530,093 Fresno
64%
198,218 Montgomery
64%
108,000 Columbia, MD
63%
123,180 Columbia, MO
63%
133,451 Columbia, SC
63%
287,401 Lincoln
63%
219,190 Spokane
63%
265,549 Jersey City
62%
118,427 Lansing
62%
429,082 Oakland
62%
181,883 Sioux Falls
62%
142,749 Syracuse
62%
383,579 Bakersfield
61%
326,554 Corpus Christi
61%
467,354 Long Beach
61%
209,880 Birmingham
60%
116,961 Rochester, MN
60%
206,284 Rochester, NY
60%
104,576 Wichita Falls
60%
198,006 Akron
59%
140,640 Dayton
59%
508,958 Mesa
59%
189,572 Mobile
59%
216,279 Tacoma
59%
374,114 Aurora, CO
57%
199,602 Aurora, IL
57%
200,217 Grand Rapids
57%
274,975 Toledo
57%
398,112 Arlington, TX
56%
237,521 Arlington, VA
56%
267,633 Fort Wayne
56%
104,879 Green Bay
56%
323,780 Lexington
56%
145,862 Savannah
56%
265,098 St. Petersburg
56%
109,550 Billings
55%
244,076 Norfolk
55%
171,245 Eugene
54%
187,500 Knoxville
54%
112,525 Manchester
54%
245,949 North Las Vegas
54%
138,183 Waco
54%
199,663 Yonkers
54%
196,939 Augusta
53%
180,557 Chattanooga
53%
255,885 Lubbock
53%
330,063 Riverside
53%
183,012 Vancouver
53%
199,924 Amarillo
52%
352,005 Anaheim
52%
154,823 Hollywood
52%
261,639 Laredo
52%
130,418 New Haven
52%
103,383 Allen
51%
124,844 Fargo
51%
182,595 Fort Lauderdale
51%
294,722 Greensboro
51%
310,390 Henderson
51%
215,941 San Bernardino
51%
255,310 Scottsdale
51%
188,987 Shreveport
51%
125,904 Topeka
51%
121,890 Ann Arbor
49%
274,291 Durham
49%
153,095 Macon
49%
288,061 Plano
49%
116,702 Provo
49%
185,877 Worcester
49%
125,964 Athens
48%
141,371 Pasadena, CA
48%
153,219 Pasadena, TX
48%
332,725 Santa Ana
48%
311,178 Stockton
48%
107,353 Boulder
47%
250,702 Glendale, AZ
47%
201,361 Glendale, CA
47%
183,392 Brownsville
46%
143,433 McAllen
46%
121,433 Allentown
45%
144,900 Bridgeport
45%
118,977 Cambridge
45%
282,572 Irvine
45%
133,174 Cedar Rapids
44%
242,634 Chesapeake
44%
197,318 Huntsville
44%
242,242 Irving
44%
172,259 Peoria, AZ
44%
111,388 Peoria, IL
44%
146,526 Rockford
44%
271,651 Chula Vista
43%
142,344 Midland
43%
215,030 Modesto
43%
101,113 Tuscaloosa
43%
160,530 Alexandria
41%
209,468 Fayetteville
41%
238,942 Hialeah
41%
126,143 Lafayette
41%
148,304 Naperville
41%
101,860 South Bend
41%
102,085 Davenport
40%
248,279 Gilbert
40%
148,099 Joliet
40%
102,926 Las Cruces
40%
122,607 Wilmington
40%
257,165 Chandler
39%
237,807 Fremont
39%
111,670 Lowell
39%
120,568 Odessa
39%
210,089 Santa Clarita
39%
189,343 Cape Coral
38%
167,830 Fort Collins
38%
209,877 Oxnard
38%
129,688 Concord
37%
133,857 Gainesville
37%
111,398 West Palm Beach
37%
200,641 Huntington Beach
34%
178,626 Newport News
34%
192,536 Overland Park
34%
129,488 Santa Clara
34%
103,695 Burbank
33%
128,885 Elizabeth
33%
172,886 Elk Grove
33%
242,507 Garland
33%
139,484 Orange
33%
145,627 Paterson
33%
195,248 Port St. Lucie
33%
192,364 Tempe
33%
147,599 Bellevue
32%
121,643 Berkeley
32%
168,160 Cary
32%
156,794 Clarksville
32%
116,478 Clearwater
32%
149,103 Killeen
32%
156,798 Lakewood
32%
123,471 Norman
32%
177,751 Rancho Cucamonga
32%
129,775 Stamford
32%
213,739 Fontana
31%
136,401 West Valley City
31%
133,507 Coral Springs
30%
111,262 Everett
30%
176,080 Oceanside
30%
177,586 Santa Rosa
30%
122,999 Abilene
29%
118,428 Beaumont
29%
138,541 Denton
29%
116,925 Independence
29%
141,344 Murfreesboro
29%
104,246 Sparks
29%
132,964 Sterling Heights
29%
134,587 Warren
29%
117,963 Evansville
28%
110,516 Lakeland
28%
142,816 Mesquite
28%
181,107 Ontario
28%
109,171 Broken Arrow
26%
110,158 Gresham
26%
100,164 Kenosha
26%
111,750 Pueblo
26%
127,690 Thousand Oaks
26%
105,729 Tyler
26%
116,046 West Jordan
26%
188,170 Frisco
25%
191,645 McKinney
25%
172,374 Pembroke Pines
25%
108,389 Hillsboro
24%
109,419 Inglewood
24%
140,823 Miramar
24%
156,667 Palmdale
24%
156,259 Salinas
24%
125,851 Simi Valley
24%
139,436 Thornton
24%
107,008 Daly City
23%
159,053 Lancaster
23%
105,025 San Mateo
23%
145,182 Torrance
23%
133,800 Visalia
23%
103,241 El Cajon
22%
152,213 Escondido
22%
129,618 Kent
22%
209,050 Moreno Valley
22%
139,605 Olathe
22%
114,194 Palm Bay
22%
240,000 Paradise
22%
128,739 Round Rock
22%
153,185 Sunnyvale
22%
116,218 College Station
21%
168,819 Corona
21%
194,614 Grand Prairie
21%
107,348 Greeley
21%
113,069 Miami Gardens
21%
106,804 Meridian
20%
113,237 North Charleston
20%
100,215 San Angelo
20%
111,535 Antioch
18%
120,492 Arvada
18%
136,879 Carrollton
18%
159,620 Hayward
18%
103,440 Rialto
18%
107,408 Santa Maria
18%
138,161 Surprise
18%
114,742 Temecula
18%
115,877 Carlsbad
17%
106,558 Davie
17%
111,683 Elgin
17%
172,646 Garden Grove
17%
112,316 High Point
17%
114,985 Murrieta
17%
122,149 Pearland
17%
118,600 Sugar Land
17%
100,154 Vacaville
17%
121,913 Vallejo
17%
106,311 West Covina
17%
108,393 Jurupa Valley
16%
152,361 Pomona
16%
139,117 Roseville
16%
122,312 Victorville
16%
108,093 Waterbury
16%
110,831 Centennial
15%
113,615 Costa Mesa
15%
134,313 Hampton
15%
111,954 Pompano Beach
15%
102,153 Renton
15%
115,586 El Monte
14%
116,884 Fairfield
14%
139,640 Fullerton
14%
105,120 Norwalk
14%
100,693 Edison
13%
106,244 League City
13%
101,224 Vista
13%
113,479 Westminster
13%
112,269 Downey
11%
120,981 Richardson
11%
108,797 Sandy Springs
11%
112,022 Clovis
10%
106,586 Lewisville
10%
140,000 Metairie
10%
117,000 The Woodlands
10%
100,800 Clinton
9%
200,000 Sunrise Manor
9%
127,000 East Los Angeles
8%
220,000 Spring Valley
8%
110,000 The Villages
8%
180,000 Enterprise
6%
125,000 Brandon
5%
120,000 Lehigh Acres
5%
115,000 Spring Hill
5%
110,000 Highlands Ranch
3%
111,128 San Buenaventura
3%
No matching quizzes found
Score Distribution
Percent of People with Each Score
Percentile by Number Answered
Your Score History
You have not taken this quiz since the last reset